PERCAYA UNTUK BERJAYA / (Record no. 203804)

MARC details
000 -LEADER
fixed length control field 00953nam a2200265 i 4500
005 - DATE AND TIME OF LATEST TRANSACTION
control field 20260412163526.0
008 - FIXED-LENGTH DATA ELEMENTS--GENERAL INFORMATION
fixed length control field 260412s2025 my o gr 000 0 may d
020 ## - INTERNATIONAL STANDARD BOOK NUMBER
International Standard Book Number 9789672107200
Qualifying information paperback
Terms of availability RM29.00
040 ## - CATALOGING SOURCE
Original cataloging agency PPAK
Language of cataloging eng
Transcribing agency PPAK
Description conventions rda
082 04 - DEWEY DECIMAL CLASSIFICATION NUMBER
Classification number 158.1
Edition number 23
090 00 - LOCALLY ASSIGNED LC-TYPE CALL NUMBER (OCLC); LOCAL CALL NUMBER (RLIN)
Classification number (OCLC) (R) ; Classification number, CALL (RLIN) (NR) 158.1
Feature heading MOH
Feature heading G
100 0# - MAIN ENTRY--PERSONAL NAME
Personal name Mohammad Qayyum A. Badaruddin,
Titles and words associated with a name Mejar (B),
Relator term author.
245 10 - TITLE STATEMENT
Title PERCAYA UNTUK BERJAYA /
Statement of responsibility, etc. Mejar (B) Mohammad Qayyum A. Badaruddin
264 #1 - PRODUCTION, PUBLICATION, DISTRIBUTION, MANUFACTURE, AND COPYRIGHT NOTICE
Place of production, publication, distribution, manufacture Kajang, Selangor :
Name of producer, publisher, distributor, manufacturer CASAMAS RESOURCES SDN BHD,
Date of production, publication, distribution, manufacture, or copyright notice [2025?]
300 ## - PHYSICAL DESCRIPTION
Extent 204 pages :
Other physical details photographs ;
Dimensions 18 cm
336 ## - CONTENT TYPE
Content type term text
Source rdacontent
Content type term still image
Source rdacontent
337 ## - MEDIA TYPE
Media type term unmediated
Source rdamedia
338 ## - CARRIER TYPE
Carrier type term volume
Source rdacarrier
500 ## - GENERAL NOTE
General note Contains verses from the Qur'an and quotes from the Hadith.
504 ## - BIBLIOGRAPHY, ETC. NOTE
Bibliography, etc. note Bibliography: pages 203-204.
650 10 - SUBJECT ADDED ENTRY--TOPICAL TERM
Topical term or geographic name entry element Self-actualization (Psychology)
Topical term or geographic name entry element Achievement motivation
942 ## - ADDED ENTRY ELEMENTS (KOHA)
Source of classification or shelving scheme Dewey Decimal Classification
Koha item type Book
Holdings
Withdrawn Not for loan Current library Shelving location Date acquired Total Checkouts Full call number Barcode Date last seen Koha item type
    Perpustakaan Alor Setar Pinjaman Dewasa 14/04/2026   158.1 MOH A01908842 14/04/2026 Book
    Perpustakaan Awam Sungai Petani Pinjaman Dewasa 14/04/2026   158.1 MOH A01908843 14/04/2026 Book
    Perpustakaan Baling Pinjaman Dewasa 14/04/2026   158.1 MOH A01908847 14/04/2026 Book
    Perpustakaan Bandar Baharu Pinjaman Dewasa 14/04/2026   158.1 MOH A01908848 14/04/2026 Book
    Perpustakaan Jitra Pinjaman Dewasa 14/04/2026   158.1 MOH A01908844 14/04/2026 Book
    Perpustakaan Kuala Nerang Pinjaman Dewasa 14/04/2026   158.1 MOH A01908852 14/04/2026 Book
    Perpustakaan Kulim Pinjaman Dewasa 14/04/2026   158.1 MOH A01908846 14/04/2026 Book
    Perpustakaan Langkawi Pinjaman Dewasa 14/04/2026   158.1 MOH A01908845 14/04/2026 Book
    Perpustakaan Merbok Pinjaman Dewasa 14/04/2026   158.1 MOH A01908849 14/04/2026 Book
    Perpustakaan Pendang Pinjaman Dewasa 14/04/2026   158.1 MOH A01908853 14/04/2026 Book
    Perpustakaan Sik Pinjaman Dewasa 14/04/2026   158.1 MOH A01908851 14/04/2026 Book
    Perpustakaan Yan Pinjaman Dewasa 14/04/2026   158.1 MOH A01908850 14/04/2026 Book